[Event "BLR-ch (Women)"]
[Site "Minsk"]
[Date "2013.01.14"]
[Round "5"]
[White "Brovko, Nadezhda"]
[Black "Ziaziulkina, Nastassia"]
[Result "0-1"]
[WhiteElo "1984"]
[BlackElo "2364"]
[PlyCount "74"]
[EventDate "2013.01.10"]
[EventType "tourn"]
[EventRounds "9"]
[EventCountry "BLR"]
[SourceTitle "CBM 152 Extra"]
[Source "ChessBase"]
[SourceDate "2013.02.25"]
[SourceVersion "1"]
[SourceVersionDate "2013.02.25"]
[SourceQuality "1"]

1. d4 d5 2. c4 c6 3. Nc3 Nf6 4. Nf3 e6 5. Bg5 h6 6. Bxf6 Qxf6 7. e3 Nd7 8. Bd3 dxc4 9. Bxc4 g6 10. 0-0 Bg7 11. Qe2 0-0 12. Rac1 Qe7 13. Rfd1 Rd8 14. a3 b6 15. b4 Bb7 16. Ba6 Bxa6 17. Qxa6 c5 18. bxc5 bxc5 19. Ne4 cxd4 20. Nxd4 Nb6 21. h3 Bxd4 22. exd4 Qh4 23. Qe2 Rd7 24. Qf3 Kg7 25. Rc6 Rad8 26. Ng3 Rxd4 27. Qc3 Qf6 28. Rxd4 Qxd4 29. Qa5 Rd7 30. Qb5 h5 31. a4 h4 32. Nf1 Rd5 33. Qe2 Qxa4 34. Rc7 Rd7 35. Qb2+ f6 36. Rc3 Qd4 37. Ne3 Na4 0-1

[Event "BLR-ch (Women) 52nd"]
[Site "Minsk"]
[Date "2008.03.14"]
[Round "5"]
[White "Brovko, Nadezhda"]
[Black "Kovaleva, Ekaterina"]
[Result "1-0"]
[WhiteElo "1934"]
[BlackElo "2151"]
[PlyCount "57"]
[EventDate "2008.03.10"]
[EventType "swiss"]
[EventRounds "11"]
[EventCountry "BLR"]
[SourceTitle "CBM 123 Extra"]
[Source "ChessBase"]
[SourceDate "2008.05.06"]
[SourceVersion "1"]
[SourceVersionDate "2008.05.06"]
[SourceQuality "1"]

1. d4 d5 2. c4 c6 3. Nc3 Nf6 4. Nf3 e6 5. Bg5 h6 6. Bh4 dxc4 7. a4 Nbd7 8. e3 Qa5 9. Bxc4 Bb4 10. 0-0 Bxc3 11. bxc3 Qxc3 12. Qe2 0-0 13. e4 Qa5 14. e5 Nd5 15. Qe4 Re8 16. Bd3 Nf8 17. Qg4 Kh8 18. Bf6 Nxf6 19. exf6 gxf6 20. Rac1 f5 21. Qh5 Kh7 22. g4 Ng6 23. gxf5 exf5 24. Kh1 b6 25. Rg1 Qd5 26. Bc4 Qd6 27. Ne5 Rxe5 28. dxe5 Qxe5 29. Bxf7 1-0

[Event "BLR-ch (Women) 52nd"]
[Site "Minsk"]
[Date "2008.03.10"]
[Round "1"]
[White "Klimets, Elena"]
[Black "Brovko, Nadezhda"]
[Result "1/2-1/2"]
[WhiteElo "2113"]
[BlackElo "1934"]
[PlyCount "62"]
[EventDate "2008.03.10"]
[EventType "swiss"]
[EventRounds "11"]
[EventCountry "BLR"]
[SourceTitle "CBM 123 Extra"]
[Source "ChessBase"]
[SourceDate "2008.05.06"]
[SourceVersion "1"]
[SourceVersionDate "2008.05.06"]
[SourceQuality "1"]

1. e4 c5 2. Nf3 Nc6 3. Bb5 Nf6 4. e5 Nd5 5. Nc3 e6 6. Bxc6 bxc6 7. 0-0 Be7 8. Ne4 Ba6 9. d3 0-0 10. c4 f5 11. Nd6 Bxd6 12. cxd5 Bc7 13. d6 Bb6 14. Qc2 h6 15. a4 Qe8 16. a5 Bd8 17. Be3 g5 18. Bxc5 g4 19. Nd4 f4 20. f3 Qg6 21. Ra3 h5 22. b4 Bh4 23. Rb3 Qg5 24. Qe2 Bg3 25. hxg3 fxg3 26. Qe4 Rf4 27. Nxe6 dxe6 28. Be3 Qh4 29. Qg6+ Kh8 30. Qh6+ Kg8 31. Qxe6+ Kh8 1/2-1/2